000
00295nam a22001457a 4500
003
OSt
020
_a
NA
040
_c
0
082
_2
22
_a
627.042
100
_a
Likhi, S. K.
245
_a
Hydraulics /
260
_a
New Delhi,
_b
New Age,
_c
c2001.
300
_a
95p. ;
_b
ill. ;
942
_2
ddc
_c
CIVIL
999
_c
5300
_d
5300